<?xml version="1.0" encoding="UTF-8"?>
<marc:record xmlns:marc="http://www.loc.gov/MARC21/slim">
   <marc:leader>00000nam a2200000 a 4500</marc:leader>
   <marc:datafield ind1="0" ind2="0" tag="245">
      <marc:subfield code="a">All die Sachen, die wir machen</marc:subfield>
   </marc:datafield>
   <marc:datafield ind1="0" ind2="0" tag="245">
      <marc:subfield code="b">Geschichten vom Großwerden</marc:subfield>
   </marc:datafield>
   <marc:datafield ind1=" " ind2="1" tag="264">
      <marc:subfield code="a">München</marc:subfield>
      <marc:subfield code="b">arsEdition</marc:subfield>
      <marc:subfield code="c">2022</marc:subfield>
   </marc:datafield>
   <marc:datafield ind1="1" ind2=" " tag="520">
      <marc:subfield code="a">Ella geht schlafen. Natürlich werden vorher die Zähne geputzt. Vorne, hinten, oben, unten. Bis sie glänzen! Jetzt ist Teddy dran. Aber der will nicht. Ella schimpft ein bisschen, und dann kuscheln sich die beiden in ihr gemütliches Bett. Ohne Teddy kann Ella nämlich nicht einschlafen.</marc:subfield>
   </marc:datafield>
   <marc:datafield ind1=" " ind2=" " tag="020">
      <marc:subfield code="a">9783845850726</marc:subfield>
      <marc:subfield code="9">9783845850726</marc:subfield>
   </marc:datafield>
   <marc:datafield ind1=" " ind2=" " tag="020">
      <marc:subfield code="a">3845850728</marc:subfield>
      <marc:subfield code="9">3845850728</marc:subfield>
   </marc:datafield>
   <marc:datafield ind1=" " ind2=" " tag="300">
      <marc:subfield code="a">[21 Bl.: ill.]</marc:subfield>
   </marc:datafield>
</marc:record>
